Dinámica y desviaciones de la conducta del niño. /
Guardado en:
| Autor Principal: | |
|---|---|
| Formato: | Libro |
| Publicado: |
Argentina :
Paidós,
1965
|
| Materias: | |
| Etiquetas: |
Agregar Etiqueta
Sin Etiquetas, Sea el primero en etiquetar este registro!
|
| LEADER | 00696nam a22002175a 4500 | ||
|---|---|---|---|
| 001 | CEM.cems002606 | ||
| 005 | 19000101000000.0 | ||
| 008 | 130507s1965##################000#0#####d | ||
| 003 | CEMS | ||
| 082 | 0 | 4 | |a 136.7 |
| 100 | 1 | |a Frank, L. K. | |
| 245 | 1 | 0 | |a Dinámica y desviaciones de la conducta del niño. / |
| 260 | |a Argentina : |b Paidós, |c 1965 | ||
| 300 | |a 126 p. | ||
| 505 | 0 | |a como reacciona el nino ante sus defectos fisicos.BIBLIOGRAFIA:en castellano pp. 125-126. | |
| 653 | |a Niños psicoticos | ||
| 653 | |a Niños-conducta | ||
| 653 | |a Niños-desarrollo emocional | ||
| 653 | |a Psicologia del niño | ||
| 653 | |a Psicopedagogia | ||
| 859 | |a CEMS |b BIB. CEMS - 11 de abril |h 136.7 |i F851 |p 2475.74 |t Ej.1 | ||
